00540 2200217 4500001002100000005001500021035002000036007000300056008004100059020002200100082001000122084001600132100002900148245002600177250001800203260003500221300002100256600002600277856000800303990001100311INLIS00000000000038020260413092731 a0010-0426000039ta260413 0  a978-979-3715-25-1 a297.4 a297.4 SYA f0 aSYAIKH MUSTHAFA AL'ADAWY1 aFIKIH PENDIDIKAN ANAK aKELIMAB BELAS aJakarta :bQISTHI PRESS,c2006 a300 hlm ;c24 cm 4aFIKIH PENDIDIKAN ANAK a300 a35.117